| 000 | 00912nac a22002771i 4500 | ||
|---|---|---|---|
| 003 | EG-ScBUE | ||
| 005 | 20250316101837.0 | ||
| 008 | 250316t1978 nyua f b 001 0 eng d | ||
| 020 | _a0393091060 | ||
| 040 |
_aEG-ScBUE _beng _erda _cEG-ScBUE _dEG-ScBUE |
||
| 082 | 0 | 4 |
_a530.12 _bFRE _222 |
| 100 | 1 |
_aFrench, A. P., _eauthor. |
|
| 245 | 1 | 3 |
_aAn introduction to quantum physics / _cA. P. French, Edwin F. Taylor. |
| 264 | 1 |
_aNew York : _bW. W. Norton, _c[1978] |
|
| 264 | 4 | _cc1978 | |
| 300 |
_axviii, 670 pages : _billustrations ; _c24 cm. |
||
| 336 |
_2rdacontent _atext _btxt |
||
| 337 |
_aunmediated _2rdamedia _bn |
||
| 338 |
_avolume _bnc _2rdacarrier |
||
| 490 | 0 | _aM.I.T. introductory physics series | |
| 504 | _aIncludes bibliographical references and index. | ||
| 650 | 7 |
_aQuantum theory. _2BUEsh |
|
| 655 | _vReading book | ||
| 700 | 1 |
_aTaylor, Edwin F., _eauthor. |
|
| 942 |
_cBB _2ddc |
||
| 999 |
_c6314 _d6314 |
||